| 000 | 00856nam a2200217Ii 4500 | ||
|---|---|---|---|
| 003 | JO-AjNU | ||
| 008 | 230605s9999||||xx |||||||||||||| ||und|| | ||
| 020 | _a978-977-5059-76 | ||
| 040 |
_aJO-AjNU _bara _erda _cJO-AjNU |
||
| 041 | _aara | ||
| 050 | 1 | 4 | _aHB3722.2012 |
| 100 | 3 |
_aابو الهول، محيي الدين يعقوب؛ تقديم رفقت السيد العوضي, _eauthor _944961 |
|
| 245 | 0 | 0 | _aالحل الاسلامي للازمة المالية العالمية |
| 250 | _aط1 | ||
| 264 | 3 | 1 | _aالقاهرة:دار السلام للطباعة والنشر والتوزيع والترجمة،2012 |
| 300 | _a128ص | ||
| 336 |
_atext _btxt _2rdacontent |
||
| 337 |
_aunmediated _bn _2rdamedia |
||
| 338 |
_avolume _bnc _2rdacarrier |
||
| 650 | 4 |
_aالاقتصاد الاسلامي-النظام المالي في الاسلام _944962 |
|
| 999 |
_aA19454 _c23022 _d23022 |
||